Recreos divertidos : (Registro nro. 7809)

Detalles MARC
000 -LIDER
fixed length control field 01005nam a2200253 a 4500
001 - NÚMERO DE CONTROL
Identificador de número de control 000045686
003 - IDENTIFICACDOR DE NÚMERO DE CONTROL
control field DO-SdBNP
005 - DATE AND TIME OF LATEST TRANSACTION
control field 20180402075332.0
007 - CAMPOS FIJOS DE DESCRIPCIÓN FÍSICA
fixed length control field 000045686
008 - ELEMENTOS DE LONGITUD FIJA
fixed length control field 150427s2011 dr a 000 0 spa d
020 ## - ISBN
International Standard Book Number 9789945878929
040 ## - FUENTE DE CATALOGACIÓN
Agencia que crea de manera original el registro BPMET
Idioma de catalogación spa
Agencia que realiza la transcripción BPMET
092 ## - LOCALLY ASSIGNED DEWEY DECIMAL CALL NUMBER
Número de clasificación xxxx
Número de ítem (Cutter) xxxx
100 1# - ASIENTO PRINCIPAL -- NOMBRE PERSONAL
Nombre personal Víctor, Amy
245 10 - MENCIÓN DE TITULO
Título Recreos divertidos :
Subtítulo jugar para la convivencia escolar, deporte, juegos y valores /
Mención de responsabilidad Amy Víctor, Berenice Pacheco ; coordinación y edición Analia Rosoli Murillo.
260 ## - PUBLICACIÓN, DISTRIBUCIÓN, ETC. (PIE DE IMPRENTA)
Lugar de publicación, distribución, etc Santo Domingo :
Nombre del editor, distribuidor, etc. Organización de Estados Iberoamericanos para la Educación, la Ciencia y la Cultura,
Fecha de publicación, distribución, etc 2011.
300 ## - DESCRIPCIÓN FÍSICA
Extensión 32 p. :
Otros detalles físicos il. ;
Dimensiones 23 cm.
700 12 - ASIENTO SECUNDARIO -- NOMBRE PERSONAL
Nombre personal Pacheco, Berenice
700 12 - ASIENTO SECUNDARIO -- NOMBRE PERSONAL
Nombre personal Rosoli Murillo, Analia,
Mención de responsabilidad coord.
710 22 - ASIENTO SECUNDARIO -- NOMBRE CORPORATIVO
Nombre corporativo o de jurisdicción Organización de Estados Iberoamericanos para la Educación, la Ciencia y la Cultura (OEI), República Dominicana
942 ## - ADDED ENTRY ELEMENTS (KOHA)
Source of classification or shelving scheme Dewey Decimal Classification
Koha item type Libros
945 ## - INFORMACIÓN DE PROCESAMIENTO LOCAL
Información de procesamiento local Remanejado para la BNPHU / 2018 VM
956 ## - LOCAL ELECTRONIC LOCATION AND ACCESS (OCLC)
Nombre de host VMATEO
Número de acceso 10
Información de compresión 20150507
Inicio de sesión BPMSU
Procesador de solicitud 00151
Existencias
Withdrawn status Lost status Source of classification or shelving scheme Damaged status Not for loan Collection code Home library Current library Date acquired Total Checkouts Barcode Date last seen Price effective from Koha item type
    Dewey Decimal Classification       Biblioteca Pública Metropolitana Salomé Ureña Biblioteca Pública Metropolitana Salomé Ureña 05/07/2015   BPMET15051579 05/07/2015 05/07/2015 Libros